00553nam a2200181Ia 4500003000900000008004100009020001800050040001600068080001300084245008900097260003200186300000900218490004500227650004100272650002300313650001100336700002400347IN-BaIIA211028s9999 xx 000 0 eng d a0-07-045506-6 cIIA Library a535bPAR 0aOptics source bookcedited by Sybil P. Parker  aNew YorkbMcGraw-Hillc1987 a399p aThe McGraw-Hill Science Reference Series aAstronomy and Astrophysics Thesaurus aOptical Properties aOptics aParker, Sybil P. ed